00811nam a2200241 a 450000100100000000300100001000500170002000800410003704000220007808200200010010000400012024500420016026000380020230000200024065000220026065000260028294200120030894500450032095201140036595600380047995600370051799900150055400003453300003453320170928101243.0111006s2009 dr 000 0 spa d aBPMSUbspacBPMSU04aRD863.44bG216a1 aGarcía Godoy, Federicod1857-192410aAlma dominicana /cF. García Godoy. aSanto Domingo :bSantuario,c2009 a129 p. ;c23cm. aNOVELA DOMINICANA aLITERATURA DOMINICANA 2ddccBK aTítulo remanejado para BNPHU / 2017 VM 00102ddc40708CDaBPMETbBPMETd2014-07-08l0oRD863.44 G216apBPMSU15040481r2014-07-08w2014-07-08yBK aVMATEOb10c20150706lBPMSUh0069 aValidado. Control de calidad MFF c7104d7104